000 00225nam a2200097Ia 4500
008 190216s9999||||xx |||||||||||||| ||und||
100 _aVayalar Ramavarma
245 0 _aMalayalam-Mulankad
260 _bNbs Kottayam
942 _cBK
999 _c30297
_d30297